| 000 | 00803nam a2200229Ii 4500 | ||
|---|---|---|---|
| 003 | JO-AjNU | ||
| 008 | 230605s9999||||xx |||||||||||||| ||und|| | ||
| 017 | _a2008/6/1796 | ||
| 020 | _a978-9957-16-425-6 | ||
| 040 |
_aJO-AjNU _bara _erda _cJO-AjNU |
||
| 041 | _aara | ||
| 050 | 1 | 4 | _aK3400.T34.2014 |
| 100 | 3 |
_a الطهراوي، هاني علي , _eauthor _950769 |
|
| 245 | 0 | 0 | _aالقانون الإداري : ماهية القانون الإداري - التنظيم الإداري - النشاط الإداري |
| 250 | _aط5 | ||
| 264 | 3 | 1 | _aعمان : دار الثقافة ، 2014 |
| 300 | _a341ص | ||
| 336 |
_atext _btxt _2rdacontent |
||
| 337 |
_aunmediated _bn _2rdamedia |
||
| 338 |
_avolume _bnc _2rdacarrier |
||
| 650 | 4 |
_aالقانون الإداري - الدساتير _950770 |
|
| 999 |
_aA22384 _c25952 _d25952 |
||